000 00500nam a22001937a 4500
005 20251108163339.0
008 250721s1992 xx 000 0 ara d
082 1 4 _a216,22/محم
100 1 _aالصواف، محمد محمود
245 1 0 _aتعليم الصلاة /
264 1 _aبيروت :
_bدار الجيل،
_c1992.
300 _a159ص
650 1 7 _aالإسلام
650 1 7 _aالفقه
650 1 7 _aالعبادة
650 1 7 _aالصلوات
942 _2ddc
_cBK
999 _c367
_d367